LDR 01173naa#a2200181#i#450# 001 RU\\bibl\117202 005 20260414103742.2 011 ## _a2224-6789 100 ## _a20251226b2025####ek#y0rusy0150####ca 102 ## _aRU 200 1# _aНАСТАВНИЧЕСТВО В ПРОГРАММЕ АДАПТАЦИИ МОЛОДЫХ СОТРУДНИКОВ СПОРТИВНЫХ ОРГАНИЗАЦИЙ _eЖурнальная статья 210 1# _aМосква _cНегосударственное образовательное учреждение высшего профессионального образования Российская международная академия туризма _d2025 215 ## _a3 с. 608 ## _aЖурнальная статья _2local 675 ## _aИзучение проблемы организации: методология, анализ, синтез, классификация и таксономия (теория, основы), систематизация в целом. 005 _z 700 #1 _aБаранов _gЕвгений Игоревич 700 #1 _aСтепуренко _gОксана Анатольевна 856 4# _avestnik-rmat.editorum.ru _u